01178nam a22001097a 4500008004100000100001900041245007000060260003300130300003400163520083800197773003301035260429b ||||| |||| 00| 0 eng d aDaftary, Dolly aOBCs, Adivasis, and the Persian Cosmopolis in INDIA’S heartland aEconomic & Political Weekly  a61(12), Mar 21, 2026: p.38-44 aThe project of majoritarian boundary-making is unsettled when we explore lives lived at the geographic, environmental, and economic margins of India. Islamicate nominative practices among cultivator caste Kolis (denoted Other Backward Classes) and Adivasis, shared spiritual belongings of Kolis, Dalits, and Muslims, and everyday linguistic practices related to governance and justice at the borderlands in Gujarat, illuminate the rich entanglement of semi-subsistence communities with what is called the Persian cosmopolis. Oppositional potentialities to exclusionary identities always remain co-present as traces, foreclosing the erasure of certain pasts and presents, and containing possibilities for the future. –Reproduced https://www.epw.in/journal/2026/12/special-articles/obcs-adivasis-and-persian-cosmopolis-indias.html  aEconomic & Political Weekly